LDR 00564naa#a2200181#i#450# 001 EN\\bibl\123076 005 20260512005134.2 011 ## _a3034-4689 100 ## _a20260508b2026####ek#y0engy0150####ca 102 ## _aRU 200 1# _aEXPERIMENTAL STUDY OF THE REMOVING SEPARATED LIQUID FROM THE SWIRLER BLADES OF A VORTEX DEVICE _eJournal article 210 1# _aKazan _cKazan National Research Technological University _d2026 215 ## _a5 с. 608 ## _aJournal article _2local 700 #1 _aKharkov _gV V 700 #1 _aMayasova _gAnna Olegovna 700 #1 _a _g 856 4# _avestniktu.ru _u